Trend špeciál vysoké školy

Hodnotenie ARRA. Pozitíva a negatíva vysokých škôl. Rebríčky vysokých škôl podľa rozličných kritérií. Ďalšie prieskumy. Stručná charakteristika niektorých vysokých škôl. Ekonomická univerzita v Bratislave.

Enregistré dans:
Détails bibliographiques
Format: Chapitre de livre
Langue:slovaque
Sujets:
Tags: Ajouter un tag
Pas de tags, Soyez le premier à ajouter un tag!

MARC

LEADER 00000naa$a2200000$$$4500
001 0053023
005 20231009072849.6
041 0 |a slo 
044 |a SK 
245 1 0 |a Trend špeciál  |b vysoké školy 
520 |a Hodnotenie ARRA. Pozitíva a negatíva vysokých škôl. Rebríčky vysokých škôl podľa rozličných kritérií. Ďalšie prieskumy. Stručná charakteristika niektorých vysokých škôl. Ekonomická univerzita v Bratislave. 
610 2 0 |a školy vysoké 
610 2 0 |a hodnotenie pracovné 
610 2 0 |a hodnotenie pracoviska 
610 2 0 |a študenti 
610 2 0 |a učitelia 
610 2 0 |a financie 
610 2 0 |a Slovensko